Zámek Litomyšl : komposiční studie /

Hlavní autor: Stehlík, František, 1922-1997
Jazyk: Čeština
Vydáno: Praha : Nakladatelství československých výtvarných umělců, 1957
Vydání: 1. vyd.
Edice: Česká architektura. Malá řada
Témata:
Externí odkaz: Digitalizovaný dokument
Fyzický popis: 61 s., 35 s. obr. příl. : il. ; 8°
Knihy
Uloženo v:
LEADER 01477nam a22003132a 4500
001 000797371
003 CZ BrMZK
005 20151016063904.0
007 ta
008 051115s1957 xr er|||||||||||cze d
015 |a cnb000726281 
040 |a ABA001  |b cze  |c OSA001  |d ABA001 
100 1 |a Stehlík, František,  |d 1922-1997  |7 jk01121000  |4 aut 
245 1 0 |a Zámek Litomyšl :  |b komposiční studie /  |c František Stehlík ; kresby Karla Brixe ; fot. Věry Pospíšilové 
250 |a 1. vyd. 
260 |a Praha :  |b Nakladatelství československých výtvarných umělců,  |c 1957 
300 |a 61 s., 35 s. obr. příl. :  |b il. ;  |c 8° 
490 1 |a Česká architektura. Malá řada ;  |v sv. 1 
500 |a Reprodukce z archivu Státní památkové správy 
504 |a Obsahuje bibliografii a rejstřík 
500 |a Dostupné též v digitální podobě v aplikaci Kramerius 
830 0 |a Česká architektura.  |p Malá řada 
856 4 1 |u http://www.digitalniknihovna.cz/mzk/uuid/uuid:7b67a2e0-5352-11e3-ac69-005056827e51  |y Digitalizovaný dokument  |x NDK 
910 |a BOA001  |b PK-0016.404  |b 2-0380.740 
964 |a Litomyšl - zámek - architektura 
990 |a BK 
996 6 |b 2619864281  |c 2-0380.740  |l MZK  |r Sklad / do 24 hodin  |n 12  |w 000797371  |u 000030  |a 1  |e BOA001  |j MZK50  |s P 
996 7 |b 2619895912  |c 2-0380.740  |l MZK  |r Sklad / do 24 hodin  |n 7  |w 000797371  |u 000020  |a 1  |e BOA001  |j MZK50  |s A 
996 7 |b 3119657553  |c PK-0016.404  |l MZK  |r Sklad / do 1 hodiny  |n 7  |w 000797371  |u 000010  |a 1  |e BOA001  |j MZK50  |s A